[Event "23rd International Grunwald Cup (blind)"]
[Site "Dadaj"]
[Date "2008.09.22"]
[Round "2.18"]
[White "Traczyk, Tadeusz"]
[Black "Wyrzykowski, Jozef"]
[Result "1-0"]
[WhiteElo "1971"]
[BlackElo "1786"]
[PlyCount "58"]
[EventDate "2008.??.??"]

1. e4 e5 2. d4 exd4 3. Qxd4 Nc6 4. Qe3 Be7 5. Nc3 Nf6 6. Bd2 d6 7. O-O-O Be6 8.
h3 Qd7 9. f4 g6 10. g4 Qc8 11. f5 Bd7 12. g5 Nh5 13. f6 Bd8 14. Be2 Ne5 15.
Bxh5 gxh5 16. Qe2 h4 17. Qf2 Ng6 18. Nf3 Bxh3 19. Nxh4 Ne5 20. Nf5 Bxf5 21.
exf5 c6 22. Ne4 Bc7 23. Bc3 d5 24. Nc5 b6 25. Bxe5 Bxe5 26. Rde1 bxc5 27. Rxe5+
Kf8 28. g6 fxg6 29. fxg6 Rg8 1-0

[Event "23rd International Grunwald Cup (blind)"]
[Site "Dadaj"]
[Date "2008.09.23"]
[Round "3.1"]
[White "Baloha, Mykhailo"]
[Black "Desanjose Candalija, Eduardo"]
[Result "1/2-1/2"]
[WhiteElo "2170"]
[BlackElo "2310"]
[PlyCount "48"]
[EventDate "2008.??.??"]

1. e4 c6 2. d4 d5 3. e5 Bf5 4. c3 e6 5. Be3 Nd7 6. f4 h5 7. Nf3 Nh6 8. Nbd2 Rc8
9. b4 Bg4 10. Bf2 Nf5 11. Be2 Be7 12. O-O Nf8 13. Ne1 Bxe2 14. Qxe2 g5 15. Nd3
Ng6 16. g3 b6 17. Kg2 Kd7 18. a4 Qg8 19. fxg5 Bxg5 20. Nf3 Be7 21. Rg1 h4 22.
Kf1 hxg3 23. hxg3 Rh3 24. Ke1 Qd8 1/2-1/2

[Event "23rd International Grunwald Cup (blind)"]
[Site "Dadaj"]
[Date "2008.09.23"]
[Round "3.2"]
[White "Grigorchuk, Sergey"]
[Black "Vela Ignacio, Jose Manuel"]
[Result "1-0"]
[WhiteElo "2244"]
[BlackElo "2103"]
[PlyCount "143"]
[EventDate "2008.??.??"]

1. d4 f5 2. c4 Nf6 3. g3 e6 4. Bg2 c6 5. Nf3 d5 6. O-O Be7 7. b3 O-O 8. Ba3
Bxa3 9. Nxa3 Bd7 10. Nc2 Be8 11. Nce1 Nbd7 12. Nd3 Ne4 13. Nfe5 Nxe5 14. Nxe5
g5 15. f3 Nf6 16. Qd2 Nd7 17. Nd3 Qf6 18. e3 Bg6 19. f4 Bh5 20. Qf2 h6 21. cxd5
exd5 22. Ne5 Qe6 23. Qc2 Nxe5 24. fxe5 Rf7 25. Rf2 Raf8 26. Raf1 Bg6 27. Qd2
Qe7 28. b4 Kg7 29. b5 Qa3 30. Rc1 Qa4 31. bxc6 bxc6 32. Qc3 f4 33. e6 Rb7 34.
exf4 gxf4 35. gxf4 Bf5 36. Qxc6 Qxc6 37. Rxc6 Rb1+ 38. Rf1 Rb2 39. Bxd5 Kf6 40.
e7+ Kxe7 41. Re1+ Kd7 42. Rxh6 Rc8 43. Rh5 Bg4 44. Rg5 Bh3 45. Bg2 Bxg2 46.
Rxg2 Rb4 47. f5 Rxd4 48. f6 Rf8 49. Rf2 Rg4+ 50. Kh1 a5 51. h3 Rg6 52. Re5
Rfxf6 53. Rxf6 Rxf6 54. Rxa5 Rf2 55. Ra6 Ke7 56. Kg1 Rb2 57. Ra3 Ke6 58. Re3+
Kf5 59. Rf3+ Kg5 60. Rf2 Rb1+ 61. Kg2 Ra1 62. Rb2 Kh4 63. Rb4+ Kh5 64. Rb2 Kh4
65. Re2 Kh5 66. Re5+ Kh4 67. Re4+ Kh5 68. Re2 Kh4 69. Rd2 Kh5 70. Rd5+ Kh4 71.
Rd4+ Kh5 72. a4 1-0

[Event "23rd International Grunwald Cup (blind)"]
[Site "Dadaj"]
[Date "2008.09.23"]
[Round "3.3"]
[White "Mueller, Manfred"]
[Black "Palacios Perez, Manuel"]
[Result "1/2-1/2"]
[WhiteElo "2116"]
[BlackElo "2195"]
[PlyCount "128"]
[EventDate "2008.??.??"]

1. e4 e6 2. d4 d5 3. Nd2 c5 4. exd5 exd5 5. dxc5 Bxc5 6. Nb3 Bd6 7. Nf3 Nc6 8.
Bd3 Nge7 9. O-O h6 10. c3 O-O 11. Nbd4 Bg4 12. h3 Bh5 13. Bc2 Nxd4 14. cxd4 Rc8
15. g4 Bg6 16. Bxg6 Nxg6 17. Re1 Qf6 18. Qd3 Bb4 19. g5 Qd6 20. Rd1 Qe6 21.
gxh6 Qxh3 22. Ne5 Qh5 23. Qf3 Qxf3 24. Nxf3 Rc2 25. a3 Bd6 26. Rd2 Rfc8 27.
Rxc2 Rxc2 28. Ne1 Rc4 29. Nf3 gxh6 30. Bxh6 f6 31. Rc1 Bf4 32. Bxf4 Nxf4 33.
Rxc4 dxc4 34. Nd2 b5 35. a4 a6 36. axb5 axb5 37. Ne4 f5 38. Nc3 b4 39. Nb5 Nd3
40. Kf1 Nxb2 41. Ke2 Kf7 42. d5 Ke7 43. Nd4 Kd6 44. Nxf5+ Kxd5 45. Kd2 Nd3 46.
Ne3+ Kd4 47. Nc2+ Kc5 48. f3 b3 49. Ne3 Nf4 50. Nd1 Kd4 51. Nc3 Nd5 52. Ne2+
Kc5 53. f4 Kb4 54. f5 c3+ 55. Kc1 Ka3 56. f6 Ka2 57. Nxc3+ Nxc3 58. f7 b2+ 59.
Kd2 Ne4+ 60. Ke3 b1=Q 61. f8=Q Qe1+ 62. Kd4 Nc3 63. Qa8+ Kb2 64. Qb7+ Kc1
1/2-1/2

[Event "23rd International Grunwald Cup (blind)"]
[Site "Dadaj"]
[Date "2008.09.23"]
[Round "3.4"]
[White "Salamon, Jan"]
[Black "Gunajew, Rafal"]
[Result "0-1"]
[WhiteElo "1889"]
[BlackElo "2241"]
[PlyCount "84"]
[EventDate "2008.??.??"]

1. e4 c5 2. Nf3 e6 3. Be2 d6 4. O-O Nf6 5. d3 Be7 6. c3 Bd7 7. a4 c4 8. Bg5
cxd3 9. Bxd3 Bc6 10. Nbd2 Nbd7 11. Bc2 Qc7 12. Re1 Rd8 13. h3 O-O 14. Bh4 Rfe8
15. Nd4 Ne5 16. Nxc6 bxc6 17. c4 Ng6 18. Bg3 e5 19. Qf3 Nd7 20. b3 Bg5 21. Nf1
Nc5 22. Ne3 Ne6 23. Nf5 Bd2 24. Red1 Bb4 25. h4 Ne7 26. Qg4 Bc5 27. Rd3 Nxf5
28. exf5 Nd4 29. Bd1 Qd7 30. h5 Nxf5 31. Bh4 Nxh4 32. Qxh4 f5 33. Rg3 Re6 34.
Qg5 Rf8 35. h6 g6 36. Bc2 e4 37. Rd1 Qe8 38. a5 e3 39. Bxf5 exf2+ 40. Kh2 Re5
41. Bxg6 Rxg5 42. Rxg5 hxg6 0-1

[Event "23rd International Grunwald Cup (blind)"]
[Site "Dadaj"]
[Date "2008.09.23"]
[Round "3.6"]
[White "Ivchenko, Anatoly"]
[Black "Chojnowski, Marcin"]
[Result "0-1"]
[WhiteElo "2066"]
[BlackElo "2171"]
[PlyCount "60"]
[EventDate "2008.??.??"]

1. d4 Nf6 2. c4 g6 3. Nc3 Bg7 4. e4 d6 5. Be2 O-O 6. Bg5 c5 7. d5 Nbd7 8. Qd2
b5 9. cxb5 a6 10. bxa6 Bxa6 11. Bxa6 Rxa6 12. Nge2 Qa8 13. O-O Rb8 14. Rab1 Rb4
15. Qc2 e6 16. a3 Rb8 17. dxe6 fxe6 18. Rbd1 d5 19. exd5 exd5 20. Ng3 Re6 21.
Rfe1 Rxe1+ 22. Rxe1 d4 23. Nce4 Qd5 24. Bf4 d3 25. Qa4 Rxb2 26. Nd2 Nb6 27. Qa6
c4 28. Be5 Qb5 29. Qxb6 Qxb6 30. Nxc4 Qxf2+ 0-1

[Event "23rd International Grunwald Cup (blind)"]
[Site "Dadaj"]
[Date "2008.09.23"]
[Round "3.8"]
[White "Wassin, Sergej"]
[Black "Traczyk, Tadeusz"]
[Result "1-0"]
[WhiteElo "2325"]
[BlackElo "1971"]
[PlyCount "63"]
[EventDate "2008.??.??"]

1. d4 Nf6 2. c4 e6 3. Nc3 d5 4. cxd5 exd5 5. Bg5 Be7 6. e3 O-O 7. Bd3 c6 8. Qc2
Nbd7 9. Nge2 Re8 10. O-O h6 11. Bh4 Nf8 12. f3 Nh5 13. Bf2 Nf6 14. Rad1 Be6 15.
Kh1 Rc8 16. e4 a6 17. e5 N6d7 18. f4 Bg4 19. f5 c5 20. h3 cxd4 21. Bxd4 Bxe2
22. Bxe2 Bg5 23. Qb3 Nxe5 24. Nxd5 Ned7 25. Bh5 Nc5 26. Bxc5 Rxc5 27. Bxf7+ Kh8
28. Bxe8 Qxe8 29. f6 gxf6 30. Nxf6 Bxf6 31. Rxf6 Re5 32. Qc3 1-0

[Event "23rd International Grunwald Cup (blind)"]
[Site "Dadaj"]
[Date "2008.09.23"]
[Round "3.9"]
[White "Suder, Ryszard"]
[Black "Bakalarczyk, Wlodzimierz"]
[Result "1/2-1/2"]
[WhiteElo "2183"]
[BlackElo "2001"]
[PlyCount "57"]
[EventDate "2008.??.??"]

1. e4 c5 2. Nf3 e6 3. b3 d6 4. Bb2 e5 5. Bb5+ Nd7 6. O-O a6 7. Bxd7+ Bxd7 8. c3
g6 9. d4 Bg7 10. dxe5 dxe5 11. c4 f6 12. Nc3 Bc6 13. Qe2 Ne7 14. Ne1 O-O 15.
Nd3 b6 16. Rad1 Qb8 17. f4 Qb7 18. fxe5 fxe5 19. Nd5 Rxf1+ 20. Rxf1 Re8 21. Qf2
Bxd5 22. cxd5 Nc8 23. Bxe5 Bxe5 24. Nxe5 Nd6 25. Qf4 Qg7 26. Ng4 Nxe4 27. Nh6+
Kh8 28. Nf7+ Kg8 29. Nh6+ 1/2-1/2

[Event "23rd International Grunwald Cup (blind)"]
[Site "Dadaj"]
[Date "2008.09.23"]
[Round "3.10"]
[White "Rutkowski, Eugeniusz"]
[Black "Schellmann, Frank"]
[Result "0-1"]
[WhiteElo "1964"]
[BlackElo "2149"]
[PlyCount "41"]
[EventDate "2008.??.??"]

1. d4 f5 2. c4 Nf6 3. b3 g6 4. Bb2 Bg7 5. Nf3 O-O 6. Nbd2 d6 7. g3 Qe8 8. e3 e5
9. dxe5 Ng4 10. Bg2 Nc6 11. Qc2 dxe5 12. h3 Nh6 13. e4 fxe4 14. Nxe4 Bf5 15. g4
Nb4 16. Qe2 Bxe4 17. Qxe4 Rf4 18. Qe2 e4 19. Bxg7 exf3 20. Bxf3 Kxg7 21. O-O
0-1

[Event "23rd International Grunwald Cup (blind)"]
[Site "Dadaj"]
[Date "2008.09.23"]
[Round "3.11"]
[White "Boese, Artur"]
[Black "Draghici Flutur, Gavril"]
[Result "0-1"]
[WhiteElo "1943"]
[BlackElo "2111"]
[PlyCount "70"]
[EventDate "2008.??.??"]

1. Nf3 d5 2. c4 dxc4 3. Qa4+ Nc6 4. Ne5 Qd6 5. Nxc6 Bd7 6. Qxc4 Bxc6 7. Nc3 Nf6
8. Nb5 Qd7 9. Nd4 Bd5 10. Qd3 e5 11. Nb3 Bd6 12. f3 e4 13. Qe3 O-O 14. Nc5 Qc6
15. d4 b6 16. Nxe4 Bxe4 17. fxe4 Bb4+ 18. Bd2 Bxd2+ 19. Qxd2 Nxe4 20. Qc1 Qd6
21. e3 Qb4+ 22. Ke2 Rfe8 23. a3 Qb5+ 24. Ke1 Qf5 25. Qc2 Qg5 26. Qe2 Ng3 27.
hxg3 Rxe3 28. Kf2 Qxg3+ 29. Kg1 Rxe2 30. Bxe2 Qe3+ 31. Kf1 Re8 32. Re1 Qxd4 33.
Rd1 Qxb2 34. Bf3 g6 35. Rh3 Re6 0-1

[Event "23rd International Grunwald Cup (blind)"]
[Site "Dadaj"]
[Date "2008.09.23"]
[Round "3.12"]
[White "Hodowany, Wojciech"]
[Black "Wojcieszyn, Zdzislaw"]
[Result "0-1"]
[WhiteElo "1870"]
[BlackElo "2100"]
[PlyCount "72"]
[EventDate "2008.??.??"]

1. d4 d5 2. c4 c6 3. cxd5 cxd5 4. Nf3 Nc6 5. e3 Nf6 6. Nc3 Qb6 7. Qb3 Qxb3 8.
axb3 Nb4 9. Bb5+ Bd7 10. O-O Nc6 11. Re1 e6 12. Bd2 Bd6 13. e4 dxe4 14. Nxe4
Nxe4 15. Rxe4 O-O 16. Rc1 a6 17. Bf1 Rac8 18. Ne5 Nxe5 19. dxe5 Rxc1 20. Bxc1
Bc6 21. Re2 Bc5 22. Be3 Bxe3 23. Rxe3 Rd8 24. Rd3 Bd5 25. b4 Kf8 26. g3 Ke7 27.
Bg2 Bxg2 28. Rxd8 Kxd8 29. Kxg2 Kc7 30. Kf3 Kc6 31. Ke3 Kb5 32. Kd3 Kxb4 33.
Kc2 b5 34. g4 g5 35. h3 a5 36. b3 Kc5 0-1

[Event "23rd International Grunwald Cup (blind)"]
[Site "Dadaj"]
[Date "2008.09.23"]
[Round "3.13"]
[White "Clemente Llamero, Roberto"]
[Black "Sargalski, Andrzej"]
[Result "1-0"]
[WhiteElo "2097"]
[BlackElo "1943"]
[PlyCount "84"]
[EventDate "2008.??.??"]

1. e4 e5 2. Nf3 Nc6 3. Bb5 a6 4. Ba4 Nf6 5. O-O Bc5 6. c3 O-O 7. d4 exd4 8.
cxd4 Bb6 9. e5 Ne4 10. d5 Na7 11. Bc2 Nxf2 12. Rxf2 Bxf2+ 13. Kxf2 f5 14. Nc3
b5 15. d6 Bb7 16. Bb3+ Kh8 17. Bd5 Nc6 18. Bg5 Qc8 19. Rc1 cxd6 20. exd6 Rb8
21. Kg1 h6 22. Bxc6 Qxc6 23. Bf4 Qc5+ 24. Qd4 Qxd4+ 25. Nxd4 Rbc8 26. Rf1 Kh7
27. h4 g6 28. Re1 Rfe8 29. Re7+ Rxe7 30. dxe7 Kg7 31. Bd6 Kf7 32. Nce2 Be4 33.
Kf2 Rc4 34. b3 Rc8 35. g3 Bd3 36. Nf4 Be4 37. Ba3 Rc3 38. Nxg6 Rc8 39. h5 Bb1
40. Ke3 Rc3+ 41. Kf4 Ke8 42. Nh4 Rc8 1-0

[Event "23rd International Grunwald Cup (blind)"]
[Site "Dadaj"]
[Date "2008.09.23"]
[Round "3.14"]
[White "Staruch, Roman"]
[Black "Debowska, Teresa"]
[Result "1-0"]
[WhiteElo "2036"]
[BlackElo "1916"]
[PlyCount "83"]
[EventDate "2008.??.??"]

1. e4 c5 2. Nf3 d6 3. c3 g6 4. d4 b6 5. dxc5 bxc5 6. Qd5 Qb6 7. Qxa8 e6 8. a4
Bg7 9. Bb5+ Ke7 10. e5 d5 11. c4 Nh6 12. Bxh6 Bxh6 13. a5 Qc7 14. cxd5 exd5 15.
Qxd5 Rd8 16. Qe4 Kf8 17. O-O Bb7 18. Qh4 Bg7 19. Nc3 Kg8 20. Rad1 Rf8 21. Nd5
Qxa5 22. Nf6+ Bxf6 23. exf6 h5 24. Bc4 Bxf3 25. gxf3 Qb4 26. b3 Qc3 27. Qf4 Nc6
28. Rd3 Qb2 29. Rd2 Qc3 30. Rc2 Qd4 31. Qxd4 Nxd4 32. Ra2 Nxf3+ 33. Kg2 Nh4+
34. Kh3 Nf5 35. Rxa7 g5 36. f3 Nd4 37. Kg2 Nc2 38. Kf2 Rd8 39. Bxf7+ Kf8 40.
Bxh5 Nd4 41. Rfa1 Nxb3 42. Ra8 1-0

[Event "23rd International Grunwald Cup (blind)"]
[Site "Dadaj"]
[Date "2008.09.23"]
[Round "3.16"]
[White "Renkowski, Piotr"]
[Black "Kardasz, Wladyslaw"]
[Result "0-1"]
[WhiteElo "1622"]
[BlackElo "1928"]
[PlyCount "56"]
[EventDate "2008.??.??"]

1. e4 c5 2. Nf3 e6 3. d4 cxd4 4. Nxd4 Nc6 5. Nc3 a6 6. Be2 Nge7 7. O-O Nxd4 8.
Qxd4 Nc6 9. Qd1 b5 10. Be3 Be7 11. f4 Bb7 12. Bf3 Rc8 13. Qe2 Qc7 14. a3 O-O
15. e5 Na5 16. Bxb7 Qxb7 17. Rab1 Nc4 18. Bf2 Nxa3 19. bxa3 Rxc3 20. a4 Rfc8
21. axb5 Rxc2 22. bxa6 Qxb1 23. Rxb1 Rxe2 24. a7 Ra2 25. Rb8 Ra1+ 26. Be1 Bc5+
27. Kf1 Rf8 28. a8=Q Rxa8 0-1

[Event "23rd International Grunwald Cup (blind)"]
[Site "Dadaj"]
[Date "2008.09.23"]
[Round "3.17"]
[White "Wyrzykowski, Jozef"]
[Black "Ciula, Edward"]
[Result "0-1"]
[WhiteElo "1786"]
[BlackElo "2044"]
[PlyCount "102"]
[EventDate "2008.??.??"]

1. g3 d5 2. d4 Nf6 3. Nc3 e6 4. Nf3 c5 5. dxc5 Bxc5 6. e3 O-O 7. Bg2 Nc6 8. O-O
Qe7 9. b3 b6 10. Bb2 Bb7 11. Na4 Bd6 12. Qe2 Rac8 13. Nd2 Nb4 14. Rfc1 Nxc2 15.
Rab1 Nb4 16. a3 Ba6 17. Qd1 Rxc1 18. Rxc1 Nd3 19. Rc2 Nxb2 20. Nxb2 Bxa3 21.
Qa1 Bb5 22. Nd1 Bb4 23. Bf1 Bxf1 24. Nxf1 Ne4 25. Qa6 Qd7 26. f3 Nc5 27. Qe2 a5
28. Nb2 Nxb3 29. f4 Rd8 30. Nd3 Be7 31. Ne5 Qd6 32. Rc6 Qb4 33. Qa6 Bc5 34. Qb7
Rf8 35. Rc7 Bd6 36. Rxf7 Bxe5 37. Rxf8+ Qxf8 38. Qxb6 Nc5 39. fxe5 a4 40. Qb5
h6 41. Nd2 Qc8 42. Kg2 Nb3 43. Nf3 Qc2+ 44. Kh3 Qf5+ 45. Kg2 Qe4 46. Kf2 Qc2+
47. Ke1 Qc5 48. Qd3 Qc1+ 49. Ke2 Qc4 50. Ne1 a3 51. Nc2 Nc1+ 0-1

[Event "23rd International Grunwald Cup (blind)"]
[Site "Dadaj"]
[Date "2008.09.23"]
[Round "3.18"]
[White "Hagner, Pawel"]
[Black "Fries, Elisabeth"]
[Result "1-0"]
[WhiteElo "1906"]
[BlackElo "1738"]
[PlyCount "53"]
[EventDate "2008.??.??"]

1. d4 d5 2. Nf3 c6 3. c3 e6 4. Bg5 Be7 5. Bf4 f5 6. e3 Nf6 7. Nbd2 Nbd7 8. Bd3
Ne4 9. Ne5 O-O 10. h4 Nxe5 11. dxe5 Qe8 12. Nf3 Qg6 13. Rh2 h5 14. Be2 Bd7 15.
Ng5 Be8 16. Nxe4 dxe4 17. Qb3 b5 18. Kf1 Bf7 19. Rh3 Rfd8 20. Rd1 Rd5 21. Rxd5
exd5 22. Qd1 a6 23. Rg3 Qh7 24. Bg5 Kf8 25. Bxe7+ Kxe7 26. Qd4 g6 27. Qc5+ 1-0

[Event "23rd International Grunwald Cup (blind)"]
[Site "Dadaj"]
[Date "2008.09.24"]
[Round "4.1"]
[White "Desanjose Candalija, Eduardo"]
[Black "Grigorchuk, Sergey"]
[Result "1-0"]
[WhiteElo "2310"]
[BlackElo "2244"]
[PlyCount "75"]
[EventDate "2008.??.??"]

1. e4 e6 2. d4 d5 3. Nc3 Bb4 4. e5 c5 5. a3 Bxc3+ 6. bxc3 Ne7 7. Qg4 O-O 8. Bd3
Nbc6 9. Qh4 Ng6 10. Nf3 Qc7 11. Be3 c4 12. Bxg6 fxg6 13. Qg4 Qe7 14. h4 Rf5 15.
Qh3 h6 16. g4 Rf8 17. Ng1 Qf7 18. Ne2 Bd7 19. Kd2 Be8 20. Rag1 Qd7 21. h5 Ne7
22. g5 gxh5 23. gxh6 g6 24. Qxh5 Kh7 25. Qg4 Rf5 26. Nf4 Rxf4 27. Bxf4 Nf5 28.
Qg5 Bf7 29. Qf6 Rg8 30. Rg5 b5 31. Rb1 Be8 32. Rb4 a5 33. Rb2 a4 34. Rg1 Qc8
35. Rb4 Qd7 36. Bg5 Qc8 37. Rgb1 Rh8 38. Rxb5 1-0

[Event "23rd International Grunwald Cup (blind)"]
[Site "Dadaj"]
[Date "2008.09.24"]
[Round "4.2"]
[White "Gunajew, Rafal"]
[Black "Mueller, Manfred"]
[Result "1-0"]
[WhiteElo "2241"]
[BlackElo "2116"]
[PlyCount "81"]
[EventDate "2008.??.??"]

1. e4 c5 2. Nf3 Nc6 3. d4 cxd4 4. Nxd4 e5 5. Nb5 a6 6. Nd6+ Bxd6 7. Qxd6 Qf6 8.
Qa3 Qg6 9. Nd2 Nge7 10. Qg3 d5 11. c3 Be6 12. Bd3 O-O-O 13. exd5 Qxg3 14. hxg3
Bxd5 15. Be4 f5 16. Bxd5 Nxd5 17. Nf3 h6 18. Bd2 g5 19. O-O-O e4 20. Ne1 f4 21.
c4 Ndb4 22. a3 Nd3+ 23. Nxd3 Rxd3 24. gxf4 Nd4 25. fxg5 Rd8 26. Be3 Nb3+ 27.
Kc2 Rxd1 28. Rxd1 Rxd1 29. Kxd1 hxg5 30. Bxg5 Kd7 31. Kc2 Nc5 32. Be3 Nd3 33.
Kc3 Ke6 34. g4 Ke5 35. b4 Ne1 36. a4 Nf3 37. b5 Kd6 38. bxa6 bxa6 39. Bf4+ Kc5
40. g5 Nh4 41. Be3+ 1-0

[Event "23rd International Grunwald Cup (blind)"]
[Site "Dadaj"]
[Date "2008.09.24"]
[Round "4.3"]
[White "Palacios Perez, Manuel"]
[Black "Baloha, Mykhailo"]
[Result "1-0"]
[WhiteElo "2195"]
[BlackElo "2170"]
[PlyCount "111"]
[EventDate "2008.??.??"]

1. d4 Nf6 2. Nf3 d6 3. c4 c6 4. Nc3 Nbd7 5. h3 e5 6. Bg5 Be7 7. e3 O-O 8. Be2
Ne8 9. Bxe7 Qxe7 10. dxe5 dxe5 11. O-O Ndf6 12. Qc2 g6 13. Rfd1 Ng7 14. Rd2 Qc7
15. Rad1 Bf5 16. Bd3 Rfd8 17. Bxf5 Rxd2 18. Qxd2 Nxf5 19. e4 Ng7 20. Qg5 Qe7
21. Qxe5 Qxe5 22. Nxe5 Ne6 23. f3 Rd8 24. Rxd8+ Nxd8 25. Kf2 Ne6 26. Ke3 g5 27.
Ne2 Kf8 28. Nd3 Nd7 29. Nd4 Nxd4 30. Kxd4 Ke7 31. Nc5 Nxc5 32. Kxc5 Ke6 33. Kd4
c5+ 34. Ke3 f6 35. g3 h6 36. f4 h5 37. fxg5 fxg5 38. h4 Kf6 39. Kf3 a6 40. a3
b6 41. b3 Kg6 42. Ke3 Kf6 43. Kd3 g4 44. Ke3 Ke5 45. b4 cxb4 46. axb4 a5 47.
bxa5 bxa5 48. c5 a4 49. Kd3 a3 50. Kc3 Kxe4 51. c6 Kf3 52. c7 Kxg3 53. c8=Q
Kxh4 54. Kd3 Kg3 55. Ke3 h4 56. Qc2 1-0

[Event "23rd International Grunwald Cup (blind)"]
[Site "Dadaj"]
[Date "2008.09.24"]
[Round "4.4"]
[White "Dukaczewski, Piotr"]
[Black "Vela Ignacio, Jose Manuel"]
[Result "1-0"]
[WhiteElo "2351"]
[BlackElo "2103"]
[PlyCount "73"]
[EventDate "2008.??.??"]

1. c4 e6 2. Nc3 c6 3. e4 d5 4. e5 d4 5. Ne4 Nd7 6. f4 Nc5 7. Ng3 Nh6 8. Nf3 Nf5
9. d3 Nxg3 10. hxg3 a5 11. b3 Na6 12. a3 c5 13. Ng5 h6 14. Be2 Bd7 15. Bf3 Qc7
16. Bd2 Be7 17. Ne4 Bc6 18. Qe2 b6 19. g4 O-O-O 20. O-O g5 21. Ng3 gxf4 22.
Bxf4 h5 23. gxh5 Rdg8 24. Bxc6 Qxc6 25. Ne4 Rh7 26. Kf2 f5 27. exf6 Bxf6 28.
Rh1 e5 29. Bd2 Nc7 30. Rag1 Rf8 31. Ke1 b5 32. g4 bxc4 33. bxc4 Qb6 34. Bc1 Qb1
35. Kd1 Ne6 36. Qc2 Qb7 37. Nd6+ 1-0

[Event "23rd International Grunwald Cup (blind)"]
[Site "Dadaj"]
[Date "2008.09.24"]
[Round "4.5"]
[White "Migala, Andrzej"]
[Black "Wassin, Sergej"]
[Result "1-0"]
[WhiteElo "2091"]
[BlackElo "2325"]
[PlyCount "163"]
[EventDate "2008.??.??"]

1. e4 c5 2. Nc3 Nc6 3. Bb5 Nd4 4. Bc4 d6 5. Nge2 Nf6 6. d3 a6 7. a4 Bd7 8. Nxd4
cxd4 9. Ne2 e5 10. O-O Be7 11. h3 O-O 12. Ng3 Be6 13. f4 Rc8 14. fxe5 dxe5 15.
b3 Qd7 16. a5 Ne8 17. Nf5 Nd6 18. Nxe7+ Qxe7 19. Ba3 Rfd8 20. Qh5 Bxc4 21. bxc4
Qe6 22. Rab1 Ne8 23. Rxb7 Nf6 24. Qg5 h6 25. Qg3 Rb8 26. Rfb1 Rxb7 27. Rxb7 Nd7
28. Qe1 Rb8 29. Qb4 Qe8 30. c5 Rc8 31. Qa4 Nb8 32. Qxe8+ Rxe8 33. Rc7 f6 34.
Kf2 Kh7 35. Ke2 Re6 36. Ra7 h5 37. g3 Kh6 38. Kd2 g5 39. c3 g4 40. hxg4 hxg4
41. cxd4 exd4 42. Bb2 Kg6 43. Ra8 Nc6 44. Rxa6 f5 45. exf5+ Kxf5 46. Ra8 Ke5
47. a6 Re7 48. Rg8 Ra7 49. Rg5+ Ke6 50. Rxg4 Kf5 51. Re4 Rxa6 52. g4+ Kf6 53.
Bxd4+ Nxd4 54. Rxd4 Ke5 55. Ke3 Rc6 56. Re4+ Kd5 57. d4 Rh6 58. Re5+ Kc6 59.
Kf4 Rh1 60. Re6+ Kd7 61. Rd6+ Ke7 62. g5 Rf1+ 63. Ke5 Rg1 64. g6 Rg5+ 65. Ke4
Rg4+ 66. Kd3 Rg1 67. Kc4 Rc1+ 68. Kd5 Rg1 69. Re6+ Kd7 70. c6+ Kc7 71. Re7+ Kd8
72. Rd7+ Kc8 73. g7 Rg6 74. Rf7 Rg5+ 75. Kd6 Rg6+ 76. Kc5 Kd8 77. Rf8+ Ke7 78.
g8=Q Rxc6+ 79. Kd5 Rd6+ 80. Ke4 Re6+ 81. Qxe6+ Kxe6 82. d5+ 1-0

[Event "23rd International Grunwald Cup (blind)"]
[Site "Dadaj"]
[Date "2008.09.24"]
[Round "4.6"]
[White "Wojcieszyn, Zdzislaw"]
[Black "Zoltek, Tadeusz"]
[Result "1/2-1/2"]
[WhiteElo "2100"]
[BlackElo "2218"]
[PlyCount "38"]
[EventDate "2008.??.??"]

1. c4 e6 2. d4 Nf6 3. Nf3 Bb4+ 4. Bd2 Qe7 5. e3 O-O 6. Bd3 Bxd2+ 7. Qxd2 d6 8.
O-O e5 9. dxe5 dxe5 10. Bc2 Nc6 11. Qc3 Nb4 12. Nbd2 Nxc2 13. Qxc2 e4 14. Nd4
Bg4 15. h3 Bh5 16. Nf5 Qe5 17. Ng3 Bg6 18. Rad1 Rad8 19. Nb3 h6 1/2-1/2

[Event "23rd International Grunwald Cup (blind)"]
[Site "Dadaj"]
[Date "2008.09.24"]
[Round "4.7"]
[White "Chojnowski, Marcin"]
[Black "Salamon, Jan"]
[Result "1-0"]
[WhiteElo "2171"]
[BlackElo "1889"]
[PlyCount "65"]
[EventDate "2008.??.??"]

1. e4 c6 2. d4 Nf6 3. Bd3 d6 4. f4 e5 5. dxe5 dxe5 6. fxe5 Qa5+ 7. Nc3 Qxe5 8.
Nf3 Qc5 9. Qe2 Qb6 10. e5 Nd5 11. Ne4 Be7 12. Nd6+ Bxd6 13. exd6+ Be6 14. Ng5
Qb4+ 15. Bd2 Qxd6 16. O-O Nf6 17. Rae1 Nbd7 18. Nxe6 fxe6 19. Qxe6+ Qxe6 20.
Rxe6+ Kd8 21. Ba5+ Kc8 22. Re7 g6 23. Bc4 b6 24. Bc3 Rf8 25. Re6 Ng4 26. Rxf8+
Nxf8 27. Re8+ Kb7 28. Re7+ Kc8 29. Bg7 b5 30. Be2 h5 31. Bxf8 Kd8 32. Rh7 Nf6
33. Be7+ 1-0

[Event "23rd International Grunwald Cup (blind)"]
[Site "Dadaj"]
[Date "2008.09.24"]
[Round "4.8"]
[White "Schellmann, Frank"]
[Black "Clemente Llamero, Roberto"]
[Result "1-0"]
[WhiteElo "2149"]
[BlackElo "2097"]
[PlyCount "80"]
[EventDate "2008.??.??"]

1. e4 c6 2. d4 d5 3. Nc3 dxe4 4. Nxe4 Bf5 5. Ng3 Bg6 6. h4 h6 7. Nf3 Nd7 8. h5
Bh7 9. Bd3 Bxd3 10. Qxd3 e6 11. Bf4 Qa5+ 12. Bd2 Qc7 13. O-O-O Ngf6 14. Qe2
O-O-O 15. Ne5 Nb6 16. Ba5 Rd5 17. Bxb6 axb6 18. f4 c5 19. dxc5 Bxc5 20. c4 Rd4
21. Rxd4 Bxd4 22. Rd1 Rd8 23. Ne4 Nxe4 24. Qxe4 Bxb2+ 25. Kc2 Rxd1 26. Kxd1
Bxe5 27. fxe5 Qd8+ 28. Kc2 Qg5 29. g4 f5 30. exf6 Qxf6 31. Kb3 Kc7 32. Qe3 e5
33. c5 Qe6+ 34. Kb2 e4 35. Qg3+ Kc6 36. cxb6 Qf6+ 37. Kc2 Qd4 38. Qc3+ Kd5 39.
Qxd4+ Kxd4 40. Kd2 Kc4 {time} 1-0

[Event "23rd International Grunwald Cup (blind)"]
[Site "Dadaj"]
[Date "2008.09.24"]
[Round "4.9"]
[White "Draghici Flutur, Gavril"]
[Black "Staruch, Roman"]
[Result "1-0"]
[WhiteElo "2111"]
[BlackElo "2036"]
[PlyCount "79"]
[EventDate "2008.??.??"]

1. e4 d5 2. exd5 Nf6 3. Bb5+ Bd7 4. Be2 Nxd5 5. d4 Bf5 6. c4 Nb6 7. Nf3 e6 8.
O-O Be7 9. Nc3 O-O 10. Bf4 Nc6 11. Qd2 Bf6 12. Rfd1 Qe7 13. Ne5 Rfd8 14. Nxc6
bxc6 15. Qe3 Rd7 16. g4 g5 17. Be5 Bg6 18. b3 Rad8 19. Bf3 Bxe5 20. Qxe5 c5 21.
dxc5 f6 22. Qe2 Qxc5 23. Qxe6+ Kg7 24. Rxd7+ Rxd7 25. Na4 Qa3 26. Nxb6 Re7 27.
Qd5 cxb6 28. Qd2 Qc5 29. Rd1 a5 30. Qc3 Be4 31. Bxe4 Rxe4 32. Rd7+ Re7 33. Rd5
Qc6 34. Rxg5+ Kf7 35. Rd5 Qe6 36. Qf3 h6 37. Kg2 Qc6 38. h4 Qe6 39. g5 hxg5 40.
hxg5 {time} 1-0

[Event "23rd International Grunwald Cup (blind)"]
[Site "Dadaj"]
[Date "2008.09.24"]
[Round "4.11"]
[White "Kardasz, Wladyslaw"]
[Black "Ivchenko, Anatoly"]
[Result "1-0"]
[WhiteElo "1928"]
[BlackElo "2066"]
[PlyCount "77"]
[EventDate "2008.??.??"]

1. e4 d6 2. d4 Nf6 3. Nc3 c6 4. f4 Qa5 5. Bd2 Qb6 6. Nf3 Bg4 7. e5 Nd5 8. Na4
Qd8 9. c4 Nb6 10. Ba5 Na6 11. Qb3 Bxf3 12. Qxf3 Nc7 13. Nxb6 axb6 14. Bxb6 e6
15. Be2 dxe5 16. dxe5 Bb4+ 17. Kf2 Qe7 18. a3 Bc5+ 19. Bxc5 Qxc5+ 20. Qe3 Qe7
21. Rhd1 O-O 22. Rd6 Rfd8 23. Rad1 Ne8 24. R6d2 g6 25. g3 Ng7 26. Qb6 Rxd2 27.
Rxd2 Nf5 28. Bf3 Kg7 29. Be4 Ra4 30. Bxf5 gxf5 31. Qd4 Kf8 32. Qd6 Rxc4 33.
Qb8+ Kg7 34. Kg2 Rc5 35. Rd8 Rd5 36. Rh8 f6 37. Qg8+ Kh6 38. exf6 Qf7 39. Qg5#
1-0

[Event "23rd International Grunwald Cup (blind)"]
[Site "Dadaj"]
[Date "2008.09.24"]
[Round "4.12"]
[White "Ciula, Edward"]
[Black "Suder, Ryszard"]
[Result "0-1"]
[WhiteElo "2044"]
[BlackElo "2183"]
[PlyCount "39"]
[EventDate "2008.??.??"]

1. d4 Nf6 2. c4 g6 3. Nc3 d5 4. cxd5 Nxd5 5. e4 Nxc3 6. bxc3 Bg7 7. Nf3 O-O 8.
Qc2 c5 9. Be3 cxd4 10. cxd4 Nc6 11. e5 Bg4 12. Rd1 Rc8 13. Qb2 Qa5+ 14. Rd2 Nb4
15. Be2 Rc2 16. Qa1 Nd5 17. O-O Nxe3 18. Rxc2 Nxc2 19. Qb2 Nb4 20. a3 0-1